000 00533nam a22001697a 4500
005 20251108171138.0
008 250721s1991 xx 000 0 ara d
082 1 4 _aط/537/كهر
245 1 0 _aالكهرباء /
264 1 _aالقاهرة :
_bالدار الدولية للنشر والتوزيع،
_c1991.
300 _a32ص
490 0 _aسلسلة العالم الصغير
650 1 7 _aالكهرباء
710 2 _aقسم النرجمة والنشر بالدار الدولية
942 _2ddc
_cBK
999 _c57768
_d57768